书目信息 |
| 题名: |
钚和其它锕系元素化合物的代谢
|
|
| 作者: | 卫群 译 | |
| 分册: | ||
| 出版信息: | 北京 原子能出版社 1979 |
|
| 页数: | 113页 | |
| 开本: | 20cm | |
| 丛书名: | ||
| 单 册: | ||
| 中图分类: | TL242 | |
| 科图分类: | ||
| 主题词: | 钚化合物-代谢 , 锕系化合物-代谢 , 代谢-锕系化合物 , 代谢-钚化合物 , 辐照过的核燃料--核燃料后处理 | |
| 电子资源: | ||
| ISBN: | ||
| 000 | 00793nam0 2200277 45 | |
| 001 | 0179008851 | |
| 005 | 20060313153132.37 | |
| 010 | @dCNY0.62 | |
| 091 | @a15175.147 | |
| 100 | @a19950804d1979 emky0chiy0121 ea | |
| 101 | 1 | @achi@ceng |
| 102 | @aCN@b110000 | |
| 105 | @ay z 000yy | |
| 200 | 10 | @a钚和其它锕系元素化合物的代谢@Abu he qi ta a xi yuan su hua he wu de dai xie@e1972@f卫群译@Fwei qun yi |
| 210 | @a北京@c原子能出版社@d1979 | |
| 215 | @a113页@d20cm | |
| 300 | @a国际放射防护委员会第19号出版物 | |
| 606 | @a钚化合物-代谢 | |
| 606 | @a锕系化合物-代谢 | |
| 606 | @a代谢-锕系化合物 | |
| 606 | @a代谢-钚化合物 | |
| 606 | 0 | @a辐照过的核燃料@x核燃料后处理 |
| 690 | @aTL242@v3 | |
| 701 | 0 | @a卫群@Awei qun@4译 |
| 801 | 0 | @aCN@bTSSF@c20060313 |
| 905 | @a10447@dTL242@e1 | |
| 钚和其它锕系元素化合物的代谢:1972/卫群译.-北京:原子能出版社,1979 |
| 113页;20cm |
| 国际放射防护委员会第19号出版物 |
| ISBN :CNY0.62 |
| ● |
| 相关链接 |
|
|
|
|
正题名:钚和其它锕系元素化合物的代谢
索取号:TL242/1
 
预约/预借
| 序号 | 登录号 | 条形码 | 馆藏地/架位号 | 状态 | 备注 |
| 1 | 0005085 | 202202080 | 密集书库/ [索取号:TL242/1] | 在馆 |